Central Library and Information Centre
Sibsagar Girls' College, Sivasagar : Assam

MODERN APPROACH TO PHYSICS (FOR HS CLASS XI) (Record no. 5653)

MARC details
000 -LEADER
fixed length control field 00511cam a2200205ua 4500
008 - FIXED-LENGTH DATA ELEMENTS--GENERAL INFORMATION
fixed length control field 160627n II |||gr||||Z||||||eng
040 ## - CATALOGING SOURCE
Original cataloging agency MAIN
041 ## - LANGUAGE CODE
-- English
082 ## - DEWEY DECIMAL CLASSIFICATION NUMBER
Classification number 530 SHA
100 ## - MAIN ENTRY--PERSONAL NAME
Personal name SHARMA, DILIP.
245 ## - TITLE STATEMENT
Title MODERN APPROACH TO PHYSICS (FOR HS CLASS XI)
260 ## - PUBLICATION, DISTRIBUTION, ETC.
Place of publication, distribution, etc. NEW DELHI:
Name of publisher, distributor, etc. KALYANI PUB.,
Date of publication, distribution, etc. 2000.
300 ## - PHYSICAL DESCRIPTION
Extent (1--P.):
Dimensions 23CM.
700 ## - ADDED ENTRY--PERSONAL NAME
Personal name SHARMA, DILIP.,
Relator term Author.
700 ## - ADDED ENTRY--PERSONAL NAME
Personal name CHACRAVARTY, N.G.
700 ## - ADDED ENTRY--PERSONAL NAME
Personal name SHARMA, K.N.
942 ## - ADDED ENTRY ELEMENTS (KOHA)
Koha item type Books
653 ## - INDEX TERM--UNCONTROLLED
Uncontrolled term Physics
Holdings
Withdrawn status Lost status Damaged status Not for loan Collection code Home library Current library Shelving location Date acquired Full call number Barcode Date last seen Copy number Price effective from Koha item type
        REFPHY Central Library and Information Centre Sibsagar Girls College Central Library and Information Centre Sibsagar Girls College Physics Rack 01.08.2006 530 SHA 21308 27.02.2020 1 27.02.2020 Books


Sibsagar Girl's College © 2020. All rights reserved.
Powered by Koha.
Maintained by Abhijit Borpuzari.